LIBRARY & INFORMATION CENTRE, KCAET, TAVANUR

ONLINE PUBLIC ACCESS CATALOGUE (OPAC)

Chemical engineering guide to pumps / (Record no. 8847)

MARC details
000 -LEADER
fixed length control field 00420cam a2200157ua 4500
041 ## - LANGUAGE CODE
Language code of text/sound track or separate title eng
082 ## - DEWEY DECIMAL CLASSIFICATION NUMBER
Classification number 028.7621
Item number MCN/CH
100 ## - MAIN ENTRY--AUTHOR NAME
Personal name Mcnaughton, Kenneth J .
245 ## - TITLE STATEMENT
Title Chemical engineering guide to pumps /
250 ## - EDITION STATEMENT
Edition statement 1 /
260 ## - PUBLICATION, DISTRIBUTION, ETC. (IMPRINT)
Place of publication New York :
Name of publisher McGraw Hill Book Company ,
Year of publication 1984.
300 ## - PHYSICAL DESCRIPTION
Number of Pages 325 ; .
942 ## - ADDED ENTRY ELEMENTS (KOHA)
Koha item type Books
Holdings
Withdrawn status Lost status Damaged status Home library Current library Date acquired Full call number Accession Number Koha item type
      KAUAET   26/03/1987 028.7621 16129 Books
free website counter